Chaîne de mots "u" - Statistiques

Statistiques générales
  • Ce quiz a été pris 193 fois
  • Le résultat moyen est 18 sur 36
Statistiques - réponses
Question Réponse % Correct
On l'extrait quand on presse le fruit Jus
99%
Opposé au passé Futur
94%
_ _ _ _ Khalifa la plus haute tour du monde Burj
80%
On le dit en demandant le silence Chut
78%
Pas au Nord Sud
78%
Machin, Bidule, Chose Truc
76%
Habitant d'Ankara, Izmir, Istanbul Turc
74%
Discipline sacrant Kauli Vaast au JO de Paris 2024 Surf
72%
Marque de la colle d'école Uhu
72%
Titulaire d'un titre de haute noblesse Duc
70%
Alcool sonnant comme une capitale Rhum
70%
Troisième personne du singulier du passé simple de croire Crut
66%
La chance, dans la langue juste au dessus Luck
66%
Autre nom de la tasse Mug
65%
Restaurant universitaire Ru
65%
Nom d'un nuage Cumulus
64%
Groupe de rock dont le nom est _ _ _ 41 Sum
59%
Précède chapeau pointu dans la comptine Turlututu
57%
Ville allemande, ou planeur Ulm
52%
Obstacle en pierre, ou fondation de maison Mur
51%
Un gars, un type, un individu Gus
47%
Sécrétions visqueuses et translucides Mucus
43%
La course dans la boue c'est le _ _ _ Day Mud
41%
Maximum Summum
40%
Marque de céréales chocolat, ou exercice pour abdos Crunch
39%
Matière première d'origine animale Musc
39%
Liquide sécréter et contenant des enzymes Suc
38%
Nom de Viktor dans Harry Potter et la Coupe de Feu Krum
35%
Structure en lien avec la SAMU SMUR
35%
Ayers Rock dans un autre nom Uluru
20%
Transfert d'info circulant sur un même axe Flux
13%
Ville anglaise du Yorkshire Hull
12%
Droit nous permettant de détruire le produit après achat Usus
12%
Nom de l'actrice de Gossip Girl et Lizzie McGuire Duff
10%
Rat-taupe du dessin animé Kim Possible Rufus
7%
Province d'Argentine en Patagonie Chubut
3%
Aucun quiz correspondant
Distribution des résultats
% des personnes avec chaque résultat
Percentile par nombre de réponses
Votre historique - résultats
Vous n’avez pas pris ce quiz